书目信息 |
| 题名: |
有机化学实验
|
|
| 作者: | 琚海燕 , 薛志勇 , 哈伍族 主编 | |
| 分册: | ||
| 出版信息: | 武汉 华中科技大学出版社 2020.01 |
|
| 页数: | 191页 | |
| 开本: | 27cm | |
| 丛书名: | ||
| 单 册: | ||
| 中图分类: | O62-33 | |
| 科图分类: | ||
| 主题词: | 有机化学--you ji hua xue--化学实验--高等学校--教材 | |
| 电子资源: | ||
| ISBN: | 978-7-5680-5946-6 | |
| 000 | 01101nam0 2200277 450 | |
| 001 | 2054091400 | |
| 005 | 20201105150138.42 | |
| 010 | @a978-7-5680-5946-6@dCNY38.00 | |
| 100 | @a20200514d2020 em y0chiy50 ea | |
| 101 | 0 | @achi |
| 102 | @aCN@b420000 | |
| 105 | @aak a 000yy | |
| 200 | 1 | @a有机化学实验@Ayou ji hua xue shi yan@f主编琚海燕, 薛志勇, 哈伍族 |
| 210 | @a武汉@c华中科技大学出版社@d2020.01 | |
| 215 | @a191页@c图@d27cm | |
| 306 | @a武汉纺织大学学术著作出版基金资助出版 | |
| 320 | @a有书目 | |
| 330 | @a本书主要是为了适应高等工科院校化学化工及近化学类专业人才培养的需要而编写的。全书主要包括有机化学实验的基本知识、有机化学实验的基本操作、有机化合物的制备、有机化合物的性质测定与结构分析、有机化学实验习题和答案 (网络资源) 、附录等。 | |
| 333 | @a普通高等教育“十三五”规划教材 普通高等院校化学精品教材 | |
| 606 | 0 | @a有机化学@Ayou ji hua xue@x化学实验@x高等学校@j教材 |
| 690 | @aO62-33@v5 | |
| 701 | 0 | @a琚海燕@Aju hai yan@4主编 |
| 701 | 0 | @a薛志勇@Axue zhi yong@4主编 |
| 701 | 0 | @a哈伍族@Aha wu zu@4主编 |
| 801 | 0 | @aCN@b人天书店@c20200930 |
| 905 | @aZUCC@dO62-33@eJ932 | |
| 有机化学实验/主编琚海燕, 薛志勇, 哈伍族.-武汉:华中科技大学出版社,2020.01 |
| 191页:图;27cm |
| 使用对象:普通高等教育“十三五”规划教材 普通高等院校化学精品教材 |
| ISBN 978-7-5680-5946-6:CNY38.00 |
| 本书主要是为了适应高等工科院校化学化工及近化学类专业人才培养的需要而编写的。全书主要包括有机化学实验的基本知识、有机化学实验的基本操作、有机化合物的制备、有机化合物的性质测定与结构分析、有机化学实验习题和答案 (网络资源) 、附录等。 |
| ● |
| 相关链接 |
|
|
|
正题名:有机化学实验
索取号:O62-33/J932
 
预约/预借
| 序号 | 登录号 | 条形码 | 馆藏地/架位号 | 状态 | 备注 |
| 1 | 1479550 | 214795505 | 自科库401/401自科库 62排7列5层/ [索取号:O62-33/J932] | 在馆 | |
| 2 | 1479551 | 214795514 | 自科库401/401自科库 62排7列5层/ [索取号:O62-33/J932] | 在馆 |